01665nam a2200397 a 4500001001200000003000800012006001900020007001500039008004100054010001700095020003800112020003500150040002100185035002100206043002100227050002300248082002000271245016100291246011000452260004300562300002600605500002500631504005400656533015200710650004500862650003000907651003000937651002800967651003600995655002901031700001801060710002901078710001701107856012601124999001701250ebr10225511CaPaEBRm u cr cn|||||||||070216s2007 caub sb 000 0 eng  z 2007007157 z9780833039958 (pbk. : alk. paper) z0833039954 (pbk. : alk. paper) aCaPaEBRcCaPaEBR a(OCoLC)560523299 an-us---aa-cc---14aUA835b.E42 2007eb04a355/.03355122200aEntering the dragon's lairh[electronic resource] :bChinese antiaccess strategies and their implications for the United States /cRoger Cliff ... [et al.].3 aEntering the dragon's lair :bChinese anti-access strategies and their implications for the United States aSanta Monica, CA :bRAND Corp.,c2007. axxiv, 129 p. :bmaps. a"Project Air Force." aIncludes bibliographical references (p. 117-129). aElectronic reproduction.bPalo Alto, Calif. :cebrary,d2013.nAvailable via World Wide Web.nAccess may be limited to ebrary affiliated libraries. 0aAccess denial (Military science)zChina. 0aMilitary doctrinezChina. 0aChinaxStrategic aspects. 0aChinaxMilitary policy. 0aUnited StatesxMilitary policy. 7aElectronic books.2local1 aCliff, Roger.2 aProject Air Force (U.S.)2 aebrary, Inc.40uhttp://site.ebrary.com/lib/rucke/Doc?id=10225511zAn electronic book accessible through the World Wide Web; click to view c26970d26970